| 000 | 00793cam a22002057a 4500 | ||
|---|---|---|---|
| 003 | MX-MxUPN | ||
| 005 | 20260527101352.0 | ||
| 008 | 260527b |||||||| |||| 00| 0 spa d | ||
| 040 |
_aMX-MxUPN _bspa |
||
| 041 | 0 | _aspa | |
| 050 | 4 |
_aGE146 _bI47 2005 |
|
| 245 | 1 | 3 |
_aEl impacto de los desastres naturales en el desarrollo : _bdocumento metodológico básico para estudios nacionales de caso |
| 260 |
_aMéxico, D.F. : _bComisión Económica para América Latina y el Caribe, _c2005 |
||
| 300 | _a54 páginas | ||
| 650 | 0 |
_aDesastres naturales _xEvaluación de riesgos _959726 |
|
| 650 | 4 |
_aDesarrollo económico _96460 |
|
| 710 | 2 |
_aNaciones Unidas. _bComisión Económica para América Latina y el Caribe _96331 _eedición |
|
| 902 | _aVíctorGodínez/270526 | ||
| 942 |
_2lcc _cFOLL |
||
| 999 |
_c215221 _d215221 |
||